000 00581nam a2200181Ia 4500
005 20250423095729.0
008 250422s9999 xx 000 0 und d
020 _a9781032341286
050 _aRA 425 .I57/
100 _aEdited by Felicity Mellor.
245 0 _aInsights on science journalism
260 _aLondon
260 _bRoutledge
260 _c2024
300 _a201 p
650 _aScience journalism Medical journalism Health communication Public health Mass media in science Scientific reporting Media and public health Journalism—Social aspects
942 _cBK
999 _c31161
_d31161